Retos del derecho ante las nuevas amenazas

Detalles Bibliográficos
Autor principal: De Toms̀ Morales, Susana
Formato: eBook
Lenguaje:español
Publicado: Madrid: Dykinson, 2015
Materias:
Acceso en línea:Acceso restringido

MARC

LEADER 00000nam a22000007a 4500
005 20150515002445.0
007 cr|||| ||||
008 150514s2015 es |||||s|||| 00||0 spa d
020 |a 978-84-9085-258-3 
035 |a 12684 
040 |a vLex 
090 |c 5419  |d 5419 
100 1 |a De Toms̀ Morales, Susana 
245 1 0 |a Retos del derecho ante las nuevas amenazas  |h [Recurso electrn̤ico] /  |c Susana De Toms̀ Morales 
256 |a Servicio en ln̕ea 
260 |a Madrid:  |b Dykinson,  |c 2015 
300 |a 1 recurso electrn̤ico 
506 1 |a Disponible solo en los productos indicados  |d vLex Global  |d vLex Global (Academic Edition, excluding Law Schools)  |d vLex Global (U.S. Academic Edition, Law Schools)  |d vLex Global (U.S. Academic Edition, excluding Law Schools)  |d vLex Global (Academic Edition, Law Schools) 
650 0 4 |a Defensa  |z Espaą 
740 0 |a vLex Libros (Servicio en ln̕ea) 
856 4 0 |u http://vlex.com/source/retos-derecho-nuevas-amenazas-12684  |z Acceso restringido 
942 |c BOOK 
999 0 |a Defense